MARC

LEADER 00000nam0a2200000 4500
001 128830
005 20231101220134.0
020 |a RU  |b 83-73501 
035 |a (RuTPU)RU\TPU\book\139421 
090 |a 128830 
100 |a 20080115d1983 m y0rusy5003 ca 
101 0 |a rus 
102 |a RU 
105 |a a z 000ay 
200 1 |a Разгром  |e роман  |f А. А. Фадеев  |g худож. С. Черкасов 
210 |a Владивосток  |c Дальневосточное книжное изд-во  |d 1983 
215 |a 151 с.  |c цв. ил.  |d 25 см 
606 1 |a Русская литература современная  |2 stltpush  |3 (RuTPU)RU\TPU\subj\26373  |9 50316 
610 1 |a Дальний Восток 
610 1 |a Гражданская война 1918-1921 
610 1 |a русская литература 
675 |a Р2  |v 3 
700 1 |a Фадеев  |b А. А.  |c русский писатель  |f 1901-1956  |g Александр Александрович  |2 stltpush  |3 (RuTPU)RU\TPU\pers\8223  |9 1620 
702 1 |a Черкасов  |b С.  |4 440 
801 0 |a RU  |b RuMRKP  |c 19950704  |g psbo 
801 1 |a RU  |b 63413507  |c 20080115  |g PSBO 
801 2 |a RU  |b 63413507  |c 20221003  |g PSBO 
942 |c BK